00259nam a2200109Ia 4500008004100000100002000041245003500061260000900096650001700105942001200122999001500134150531s2014 xx 000 0 und d aSINGH, YOGENDRA aINTERDISCIP LINARY PERIODONTAL c2014 aPERIODONTICS 2ddccTH c7608d7608